| 000 | 00374nam a2200121Ia 4500 | ||
|---|---|---|---|
| 008 | 191014s9999 xx 000 0 und d | ||
| 082 |
_a621.3 _bAME |
||
| 100 |
_aM.R.Amersfoort _920498 |
||
| 245 | 0 | _aPhased Array Wavelength Demultiplexers and their Integration with Photodetectors | |
| 260 |
_aNetherlands _bDelft University Press _c1994 |
||
| 300 | _aPeg,101 | ||
| 942 | _cBK | ||
| 999 |
_c531085 _d531085 |
||